| 000 | 00568nam a2200145Ia 4500 | ||
|---|---|---|---|
| 008 | 170221s9999 xx 000 0 und d | ||
| 100 | _aHassan, S. Aun | ||
| 245 | _aAsymmetric behavior of volatility in gasoline prices across different regions of the United States | ||
| 245 | _cS. Aun Hassan, Colorado State University – Pueblo; Hailu Regassa, Colorado State University – Pueblo. | ||
| 260 | _bJournal of Management and Marketing Research | ||
| 260 | _c2012 | ||
| 300 | _a32 : 5 | ||
| 650 | _xBusiness | ||
| 856 | _uhttp://www.aabri.com/manuscripts/121183.pdf | ||
| 999 |
_c311242 _d311242 |
||